| Tag |
First Indicator |
Second Indicator |
Subfields |
| LEADER |
00000cam a2200000 a 4500 |
| 001 |
in00000007278 |
| 005 |
20151005060023.0 |
| 008 |
861208s1986 enk b 00010 eng d |
| 010 |
|
|
|a gb 87002803
|
| 015 |
|
|
|a GB87-2803
|
| 020 |
|
|
|a 0521321298 (cased) :
|c £8.95
|
| 020 |
|
|
|a 0521312701 (pbk) :
|c No price
|
| 035 |
|
|
|a (OCoLC)15055324
|
| 035 |
|
|
|9 AAA1762AM
|
| 040 |
|
|
|a UKM
|c UKM
|d TXA
|d UtOrBLW
|
| 049 |
|
|
|a TXAM
|c [A12613808]
|
| 050 |
|
4 |
|a PE1066
|b .B52 1986
|
| 082 |
0 |
|
|a 420/.7/12
|a 820/.7/12
|2 19
|
| 100 |
1 |
|
|a Blanchard, John.
|
| 245 |
1 |
0 |
|a Out in the open :
|b a secondary English curriculum /
|c John Blanchard.
|
| 264 |
|
1 |
|a Cambridge ;
|a New York :
|b Cambridge University Press,
|c 1986.
|
| 300 |
|
|
|a iv, 194 pages ;
|c 24 cm.
|
| 336 |
|
|
|a text
|b txt
|2 rdacontent
|
| 337 |
|
|
|a unmediated
|b n
|2 rdamedia
|
| 338 |
|
|
|a volume
|b nc
|2 rdacarrier
|
| 504 |
|
|
|a Bibliography: pages [192]-194.
|
| 650 |
|
0 |
|a English language
|x Study and teaching (Secondary)
|
| 650 |
|
0 |
|a Curriculum planning.
|
| 650 |
|
0 |
|a English literature
|x Study and teaching (Secondary)
|
| 999 |
|
|
|a MARS
|
| 999 |
f |
f |
|s 78790108-be8c-3f50-b29e-0812c9151f86
|i 3e4a0982-8d41-3878-9789-4b768219f28b
|t 0
|
| 952 |
f |
f |
|p ric
|a Texas A&M University
|b Rellis Campus
|c Joint Library Facility
|s JLF
|d Remote Storage
|t 0
|e PE1066 .B52 1986
|h Library of Congress classification
|i unmediated -- volume
|m A14812613808
|
| 998 |
f |
f |
|a PE1066 .B52 1986
|t 0
|l Remote Storage
|